Saint John of The Cross

Salvato in:
Dettagli Bibliografici
Autore principale: Heriz, Father Paschasius
Natura: Libro
Lingua:Undetermined
Pubblicazione: Washington, Estados Unidos College of Our Lady of Mount Carmen 1919
Soggetti:
Tags: Aggiungi Tag
Nessun Tag, puoi essere il primo ad aggiungerne!!

MARC

LEADER 00000nam a2200000Ia 4500
008 170316s9999 xx 000 0 und d
040 |a cru BVZT 
090 |a 810 H-17s 
100 |a Heriz, Father Paschasius 
245 |a Saint John of The Cross 
260 |a Washington, Estados Unidos 
260 |b College of Our Lady of Mount Carmen 
260 |c 1919 
300 |a 214 páginas 
650 |a LITERATURA ESTADOUNIDENSE 
999 |c 5730  |d 5730 
942 |c 15 D  |h 810 H-17s  |2 z